| 000 | 01638cam a2200337 a 4500 | ||
|---|---|---|---|
| 001 | 000014599 | ||
| 003 | UkOxU | ||
| 005 | 20240229091310.0 | ||
| 008 | 800510s1979 mx a b 000 0 spa | ||
| 010 | _a80106996 | ||
| 020 | _a9686039031 | ||
| 035 |
_a(OCoLC)ocm06349964 _z(OCoLC)6349964 |
||
| 040 |
_aDO-SdBNP _cDLC _dEL _$dOCLCQ |
||
| 043 | _acl----- | ||
| 050 | 0 | 0 |
_aHM136 _b.I45 |
| 245 | 0 | 0 |
_aIndigenismo, modernización y marginalidad : _buna revisión crítica / _cde Héctor Díaz-Polanco ... [et al.]. |
| 260 |
_aMéxico : _bCentro de Investigación para la Integración Social : _bJ. Pablos, _c1979. |
||
| 300 |
_a222 p. : _bill. ; _c22 cm. |
||
| 490 | 1 | _aSerie metodológica - Centro de Investigación para la Integración Social | |
| 504 | _aIncludes bibliographical references (p. [215]-222). | ||
| 505 | 0 | _aDíaz-Polanco, H. La teoría indigenista y la integración.--Javier Guerrero, F. La cuestión indígena y el indigenismo.--Bravo, V. Los fundamentos teóricos de la marginalidad.--Allub, L. Modernización y marginalidad.--Michel, M.A. Dependencia y marginalidad.--Arizpe, L. Migración y marginalidad. | |
| 650 | 0 |
_aMarginality, social. _933054 |
|
| 650 | 0 |
_aMarginality, social _zLatin America. _933055 |
|
| 650 | 0 |
_aPoverty _zLatin America _933056 |
|
| 650 | 0 |
_aIndians of mexico _xSocial conditions _933057 |
|
| 700 | 1 |
_aDíaz Polanco, Héctor, _d1944- _92421 |
|
| 830 | 0 |
_aSerie metodológica (Mexico City, Mexico) _933058 |
|
| 852 |
_719765894 _yAvailable |
||
| 910 | _aCatalogación derivada | ||
| 082 | 0 | 0 | _a305.5/6 |
| 999 |
_c14185 _d14185 |
||